| 000 | 00368cam a22001217a 4500 | ||
|---|---|---|---|
| 008 | 180718b1960 xxu||||| |||| 00| 0 eng d | ||
| 082 | _aL8x6 Or3 | ||
| 100 | _aAdy, P. | ||
| 245 |
_aSystems of national accounts in Africa _cby P.Ady and M. Courcier |
||
| 260 |
_aParis _bOrganisation For European Economic Co-Operation _c1960 |
||
| 300 | _a232+p. | ||
| 700 | _aCourcier, M. | ||
| 999 |
_c500639 _d500639 |
||